| 000 | 00995cab a2200241 4500 | ||
|---|---|---|---|
| 001 | WB2740-26 | ||
| 008 | 090401t1991 xxu||||| |||| 00| 0 eng d | ||
| 035 | _a(Sirsi) u13838 | ||
| 041 | _aeng | ||
| 245 | _aSale underwriting service launched | ||
| 260 | _c1991 | ||
| 350 | _a0 | ||
| 490 |
_aDaily Telegraph _v15 October 1991, 29 |
||
| 490 |
_aChartered Surveyor Weekly _v37 (3) 17 October 1991, 5&7(3) |
||
| 520 | _aThe Bank of Scotland and Drivers Jonas have launched an underwriting service for the property investment market through a new joint company Underwriting Property Services (UPS). Solely aimed at underewriting commercial property investments. Mixed reaction from the property world as expressed in CSW editorial. | ||
| 650 | _aPROPERTY SALES | ||
| 650 | _aUNDERWRITING PROPERTY SERVICES | ||
| 650 | _aUNDERWRITING | ||
| 690 | _aPROPERTY-COMMERCIAL PROPERTY-COMMERCIAL PROPERTY FINANCE AND INVESTMENT | ||
| 690 |
_aInsurance _96249 |
||
| 942 | _n0 | ||
| 948 | _c04/03/1997 | ||
| 999 |
_c8930 _d8930 |
||